000 00492nam a2200121Ia 4500
008 220615s9999||||xx |||||||||||||| ||und||
100 _aColarossi, Daniele||Principi, Paolo
245 0 _aChapter Feasibility study of a cold ironing system and district heating in port area
546 _aEnglish[eng]
650 _areduction of air pollution||energy storage cogeneration ships at berth cold ironing
856 _uhttps://library.oapen.org/bitstream/20.500.12657/56086/1/14829.pdf
942 _cEB
999 _c15370
_d15370